000 00661 a2200217 4500
001 61403
005 20260407155904.0
008 260407a1957 arg spa d
003 AR-UNSa-BCEJYS
040 _aAR-UNSa-BCEJYS
_bspa
_cAR-UNSa-BCEJYS
080 _a347.61/.64
_xDerecho de familia (La familia, Matrimonio, Filiación, Tutela)
245 1 0 _aCurso de derecho civil
_pDerecho de familia
250 _a2a. ed.
264 1 _aBuenos Aires :
_bBiblioteca Jurídica Argentina
_c1957
300 _a336 p.
_c23 cm.
041 _aspa
942 _cBK
590 _aniveau_biblio:m niveau_hierar:0
100 1 _aFrutos, Pedro
700 1 _aArgüello, Isauro P.
999 _c7288
_d7288